Choose the More Appropriate Size! - Statistics

General Stats
  • This quiz has been taken 21 times
  • The average score is 10 of 15
Answer Stats
Question Answer % Correct
Egypt 1,000,000
100%
Canada 10,000,000
100%
Mauritania 1,030,000
100%
Colombia 1,140,000
100%
Angola 1,250,000
100%
Chad 1,300,000
100%
Libya 1,760,000
100%
Sudan 1,886,000
100%
Saudi Arabia 2,100,000
100%
Denmark (Greenland only) 2,200,000
100%
The Democratic Republic of the Congo 2,300,000
100%
Algeria 2,500,000
100%
Kazakhstan 2,700,000
100%
Australia 8,000,000
100%
Nigeria 900,000
100%
China 9,700,000
100%
Mexico 2,000,000
50%
Zambia 750,000
50%
Venezuela 916,000
50%
Ethiopia 1,100,000
0%
Bolivia 1,100,000
0%
South Africa 1,200,000
0%
Mali 1,240,000
0%
Peru 1,285,000
0%
Niger 1,300,000
0%
Mongolia 1,600,000
0%
Iran 1,650,000
0%
Russia 17,000,000
0%
Indonesia 1,900,000
0%
India 3,000,000
0%
Argentina 3,000,000
0%
Myanmar 675,000
0%
Chile 756,000
0%
Turkey 784,000
0%
Namibia 800,000
0%
Mozambique 800,000
0%
Brazil 8,500,000
0%
Pakistan 881,000
0%
United States 9,000,000
0%
Tanzania 945,087
0%
No matching quizzes found
Score Distribution
Percent of People with Each Score
Percentile by Number Answered
Your Score History
You have not taken this quiz